[Event "Catalunya-chA"]
[Site "Spain"]
[Date "1996.10.20"]
[Round "3"]
[White "Lopez Gonzalez, Joaquin"]
[Black "Fernandez Martin, Luis"]
[Result "0-1"]
[WhiteElo "2105"]
[BlackElo "2090"]
[PlyCount "96"]
[EventDate "1997.??.??"]
[EventType "swiss"]
[EventRounds "8"]
[EventCountry "ESP"]
[SourceTitle "EXT 2003"]
[Source "ChessBase"]
[SourceDate "2002.11.25"]
[SourceVersion "1"]
[SourceVersionDate "2002.11.25"]
[SourceQuality "1"]

1. d4 Nf6 2. Nf3 c5 3. e3 e6 4. Bd3 Nc6 5. a3 b6 6. 0-0 Bb7 7. b3 cxd4 8. exd4 d5 9. Bb2 Bd6 10. Ne5 0-0 11. Nd2 Ne7 12. f4 Nf5 13. Qe2 g6 14. g4 Ng7 15. Rf2 Qe7 16. Rg2 Rae8 17. Bb5 Rc8 18. Bd3 Nd7 19. Nxd7 Qxd7 20. Rf1 Qc7 21. f5 exf5 22. gxf5 Rce8 23. Qf3 a6 24. h4 Kh8 25. Qg4 Bc8 26. Qg5 Bd7 27. fxg6 fxg6 28. Rgf2 Rxf2 29. Rxf2 Bf5 30. Bxf5 Nxf5 31. Nf3 Be7 32. Qg4 Ne3 33. Qh3 Nd1 34. c4 Nxf2 35. Kxf2 Bf6 36. Ne5 Qg7 37. Qg4 Rf8 38. Kg2 dxc4 39. bxc4 Qb7+ 40. d5 Qg7 41. Qe6 h5 42. d6 g5 43. d7 gxh4+ 44. Kh1 h3 45. Ng6+ Qxg6 46. Qxf6+ Rxf6 47. d8Q+ Kh7 48. Qd7+ Rf7 0-1

[Event "Catalunya-chA"]
[Site "Spain"]
[Date "1996.10.13"]
[Round "2"]
[White "Fernandez Martin, Luis"]
[Black "Alonso Gonzalez, Carlos"]
[Result "1/2-1/2"]
[WhiteElo "2090"]
[BlackElo "2125"]
[PlyCount "56"]
[EventDate "1997.??.??"]
[EventType "swiss"]
[EventRounds "8"]
[EventCountry "ESP"]
[SourceTitle "EXT 2003"]
[Source "ChessBase"]
[SourceDate "2002.11.25"]
[SourceVersion "1"]
[SourceVersionDate "2002.11.25"]
[SourceQuality "1"]

1. d4 Nf6 2. c4 g6 3. Nc3 Bg7 4. e4 0-0 5. f3 d6 6. Be3 Nc6 7. Nge2 a6 8. g4 e5 9. d5 Na7 10. Ng3 c5 11. Qd2 Bd7 12. h4 Qe7 13. Bh6 Bxh6 14. Qxh6 b5 15. 0-0-0 bxc4 16. Bxc4 Nb5 17. Rdg1 Nd4 18. Be2 Bb5 19. Bd1 Rfb8 20. h5 Qf8 21. hxg6 Qxh6+ 22. Rxh6 fxg6 23. Nf5 Nxf5 24. gxf5 Kg7 25. Rh2 Rh8 26. Ba4 Bxa4 27. Nxa4 Kf7 28. fxg6+ hxg6 1/2-1/2

[Event "Catalunya-chT"]
[Site "Spain"]
[Date "1993.??.??"]
[Round "3"]
[White "Fernandez Martin, Luis"]
[Black "Sanchez Devesa, Antoni"]
[Result "1/2-1/2"]
[WhiteElo "2065"]
[BlackElo "2105"]
[PlyCount "97"]
[EventDate "1993.??.??"]
[EventType "team"]
[EventRounds "9"]
[EventCountry "ESP"]
[SourceTitle "EXT 2019"]
[Source "ChessBase"]
[SourceDate "2018.10.10"]
[SourceVersion "1"]
[SourceVersionDate "2018.10.10"]
[SourceQuality "1"]

1. d4 d5 2. Nf3 c6 3. c4 Nf6 4. Nc3 dxc4 5. a4 Bf5 6. e3 e6 7. Bxc4 Bb4 8. 0-0 0-0 9. Ne5 Nbd7 10. f4 c5 11. h3 cxd4 12. exd4 Nb6 13. Bb3 h6 14. g4 Bh7 15. Be3 Nfd5 16. Nxd5 Nxd5 17. Qf3 Rc8 18. Rac1 Qa5 19. Rxc8 Rxc8 20. Nc4 Qd8 21. Bc2 a6 22. Bb3 b5 23. axb5 axb5 24. Ne5 Bc2 25. f5 Nf6 26. Bf2 Be4 27. Qf4 Bd5 28. Bd1 exf5 29. Qxf5 Bd2 30. Qd3 Bf4 31. Re1 Qa5 32. Bf3 Qd2 33. Qxd2 Bxd2 34. Rd1 Rc1 35. Rxc1 Bxc1 36. Bxd5 Nxd5 37. Nd3 Bg5 38. Kg2 Kf8 39. Kf3 Ke7 40. Bg3 g6 41. Bf4 Bxf4 42. Nxf4 Nxf4 43. Kxf4 Ke6 44. Ke4 b4 45. h4 f6 46. h5 gxh5 47. gxh5 b3 48. d5+ Kd6 49. Kf5 1/2-1/2